01794nam a2200421 a 4500001001200000003000800012006001900020007001500039008004100054020001800095020002700113040002100140035002100161043002100182050002600203082001900229100002500248245013500273260006000408300005800468504005100526533015200577588009500729650003600824650003500860650002700895650005000922650003500972650003401007650002601041650004901067651003501116651003401151655002901185710001701214856012601231999001501357ebr10700292CaPaEBRm o u cr cn|||||||||150303s2001 wiuao sb 001 0 eng d z9780299173944 z9780299173937 (e-book) aCaPaEBRcCaPaEBR a(OCoLC)606603373 an-us---af-sa---14aE184.A1b.S664 2001eb04a305.8009732211 aSmith McKoy, Sheila.10aWhen whites rioth[electronic resource] :bwriting race and violence in American and South African cultures /cSheila Smith McKoy. aMadison, Wis. :bUniversity of Wisconsin Press,cc2001. a1 online resource (xii, 170 p.) :bill., photographs. aIncludes bibliographical references and index. aElectronic reproduction.bPalo Alto, Calif. :cebrary,d2015.nAvailable via World Wide Web.nAccess may be limited to ebrary affiliated libraries. aDescription based on online resource; title from title page (ebrary, viewed May 24, 2013). 0aWhiteszUnited StatesxHistory. 0aRiotszUnited StatesxHistory. 0aRacismzUnited States. 0aMass media and race relationsxUnited States. 0aWhiteszSouth AfricaxHistory. 0aRiotszSouth AfricaxHistory. 0aRacismzSouth Africa. 0aMass media and race relationszSouth Africa. 0aUnited StatesxRace relations. 0aSouth AfricaxRace relations. 7aElectronic books.2local2 aebrary, Inc.40uhttp://site.ebrary.com/lib/rucke/Doc?id=10700292zAn electronic book accessible through the World Wide Web; click to view c7076d7076